| 000 | 00000nas 2200000zi 4500 |
| 001 | 9.877489 |
| 003 | CaOODSP |
| 005 | 20250620080216 |
| 006 | m go d f |
| 007 | cr ||||||||||| |
| 008 | 190806c20169999qucar p oss f0 a0eng|d |
| 040 | |aCaOODSP|beng|erda|cCaOODSP |
| 043 | |an-cn--- |
| 086 | 1 |aBC9-20E-PDF |
| 245 | 00|aRadio : |bstatistical and financial summaries. |
| 264 | 1|a[Gatineau, Quebec] : |bCanadian Radio-television and Telecommunications Commission = Conseil de la radiodiffusion et des télécommunications canadiennes, |c[2017]- |
| 310 | |aAnnual |
| 336 | |atext|btxt|2rdacontent |
| 337 | |acomputer|bc|2rdamedia |
| 338 | |aonline resource|bcr|2rdacarrier |
| 362 | 1 |aBegan with 2012/2016. |
| 500 | |aIssued also in French under title: Radio, relevés statistiques et financiers. |
| 550 | |aIssued by Consumer Affairs and Strategic Policy. |
| 692 | 07|2gccst|aRadio |
| 710 | 1 |aCanada.|bCanadian Radio-television and Telecommunications Commission.|bConsumer Affairs and Strategic Policy. |
| 775 | 08|tRadio : |w(CaOODSP)9.877491 |
| 780 | 00|tCommercial radio : |w(CaOODSP)9.507930 |